| 000 | 00541nam a2200229Ia 4500 | ||
|---|---|---|---|
| 003 | OSt | ||
| 005 | 20220926043146.0 | ||
| 006 | a|||||r|||| 00| 0 | ||
| 007 | ta | ||
| 008 | 220923b |||||||| |||| 00| 0 eng d | ||
| 037 | _cGeneral Book | ||
| 040 |
_aRTL _cRTL _beng |
||
| 041 |
_2eng _aeng |
||
| 082 | _aQ7:33, H0 | ||
| 100 |
_aShafi Ahmad _9347314 |
||
| 245 | 0 | _aProphet muhammad | |
| 260 | _c1940 | ||
| 490 | _v2 | ||
| 650 |
_aIslam _9577 |
||
| 942 |
_hQ7:33, H0 _cGB _2CC |
||
| 999 |
_c671619 _d671619 |
||